| 000 | 00462nam a22001457a 4500 | ||
|---|---|---|---|
| 020 | _a0-02-313110-1 | ||
| 082 | _a658.5 BOW'L | ||
| 100 |
_aBOWERSEX, DONALD _975772 |
||
| 245 | _aLOGISTICAL MANAGEMENT A SYSTEMS INTEGRATION OF PHYSICAL DISTRIBUTION MANAGEMENT AND MATERIALS MANAGEMENT | ||
| 250 | _a2ND | ||
| 260 |
_aNEWYORK _bMACMILLAN _c1978 |
||
| 300 | _a528P | ||
| 650 |
_aMATERIALS MANAGEMENT PHYSICAL DISTRIBUTION OF GOODS MANAGEMENT _97133 |
||
| 942 | _cBK | ||
| 999 |
_c581171 _d581171 |
||